000 00694nam a2200241Ia 4500
003 OSt
005 20220918191053.0
006 a|||||r|||| 00| 0
007 ta
008 220917b |||||||| |||| 00| 0 eng d
024 _a61,269
037 _cTextual
040 _aARTS
_cARTS
_beng
041 _2eng
_aeng
082 _aQ60aW, K3
100 _aMuller Herbert J
_974803
245 0 _aReligion and freedom in the modern World
260 _aChicago
_bUniv. of Chicago Press USA
_c1963
490 _aFrank L Weil Institute for studies in religion and the humanities
650 _aRELIGION
942 _hQ60aW, K3
_cTEXL
_2CC
999 _c188131
_d188131